| 000 | 00952nam a2200241 i 4500 | ||
|---|---|---|---|
| 001 | 59131 | ||
| 005 | 20210408143020.0 | ||
| 008 | 140415s1998 sp a r 000 0 spa d | ||
| 020 | _a8431315881 | ||
| 040 |
_aMX-PuUPA _bspa _erda _cMx-PuUPA _dMx-PuUPA |
||
| 041 | 0 | _aspa | |
| 082 | 0 |
_a863.4 _bGAR |
|
| 100 | 1 |
_aGarcía Valdés, Celsa Carmen, _eautor _95855 |
|
| 245 | 1 | 0 |
_aAndanzas del buscón don Pablos y por México y Filipinas : _bestudio y edición de la tercera parte de la vida del gran tacaño, de Vicente Alemany / _cCelsa Carmen García Valdés. |
| 264 | 1 |
_aBarañáin, Navarra : _bEUNSA, _c1998 |
|
| 300 |
_a158 páginas : _bilustraciones ; _c24 cm. |
||
| 336 |
_atexto _2rdacontent |
||
| 337 |
_asin mediación _2rdamedia |
||
| 338 |
_avolumen _2rdacarrier |
||
| 490 | 0 |
_aAnejos de la Perinola ; _vAnejo 2 |
|
| 600 | 1 | 4 | _aAlemany, Vicente, 1729-1817 Tercera parte de la vida del gran tacaño. |
| 999 |
_c59131 _d59131 |
||
| 942 |
_h863.4 _iGAR _cLI |
||